Mathematical puzzles and diversions (Record no. 12702)

000 -LEADER
fixed length control field 00429nam a22001577a 4500
008 - FIXED-LENGTH DATA ELEMENTS--GENERAL INFORMATION
fixed length control field 210217b ||||| |||| 00| 0 eng d
082 00 - DEWEY DECIMAL CLASSIFICATION NUMBER
Classification number 510.76
Item number G2261
100 ## - MAIN ENTRY--PERSONAL NAME
9 (RLIN) 4829
Personal name Gardner, Martin
245 10 - TITLE STATEMENT
Title Mathematical puzzles and diversions
250 ## - EDITION STATEMENT
Edition statement 1st ed.
260 ## - PUBLICATION, DISTRIBUTION, ETC. (IMPRINT)
Place of publication, distribution, etc London:
Name of publisher, distributor, etc Penguin books
Date of publication, distribution, etc 1991
300 ## - PHYSICAL DESCRIPTION
Extent 154p.
650 #0 - SUBJECT ADDED ENTRY--TOPICAL TERM
Topical term or geographic name as entry element Mathematics
Topical term or geographic name as entry element Mathematical Recreations
942 ## - ADDED ENTRY ELEMENTS (KOHA)
Item type Books
Holdings
Withdrawn status Lost status Source of classification or shelving scheme Damaged status Not for loan Permanent location Current location Date acquired Full call number Barcode Date last seen Koha item type
          IMU Kolkata IMU Kolkata 2021-02-17 510.76 G2261 F01036 2021-02-17 Books
Designed and Maintained by IMU-KC Library, Kolkata Campus © Copyright All Rights Reserved

webs counters

Powered by Koha